Implementación de células de manufactura para el proceso de reconstrucción de alternadores de automóviles /

Gorde:
Xehetasun bibliografikoak
Egile nagusia: Michel Madrigal, Miguel Angel (autor)
Formatua: Tesis Liburua
Hizkuntza:gaztelania
Gaiak:
Etiketak: Etiketa erantsi
Etiketarik gabe, Izan zaitez lehena erregistro honi etiketa jartzen!

MARC

LEADER 00000nam^a2200000^a^4500
001 000173223
005 20250521000000.0
009 20260310101448.427
037 |a Acervo ITESO - Biblioteca 
041 |a ESP 
090 |a IIN. 495 
100 |a Michel Madrigal, Miguel Angel  |e (autor) 
245 1 0 |a Implementación de células de manufactura para el proceso de reconstrucción de alternadores de automóviles /  |c M.A. Michel Madrigal. 
264 |a Guadalajara, México :  |b edición de autor,  |c 2004 
300 |a 1 disco compacto de computadora 
336 |a datos para computadora  |b cod  |2 rdacontenido 
337 |a computadora  |b c  |2 rdamedio 
338 |a disco de computadora  |b cd  |2 rdasoporte 
502 |a ITESO Reporte de Servicio Social de Licenciatura en Ingeniería Industrial 
649 |a XX 
650 |a Ingenieros Industriales -  |x Prácticas Profesionales 
650 |a Industria Automotriz -  |x Administración 
650 |a Empresas -  |x Administración 
650 |a Generadores Eléctricos -  |x Corriente Alterna 
650 |a Generadores Eléctricos 
650 |a Máquinas Eléctricas 
650 |a Instalaciones Eléctricas 
650 |a Electricidad -  |x Equipo y Aparatos 
650 |a Análisis del Proceso 
650 |a Estudios de Movimientos (Ingeniería Industrial) 
650 |a Tiempos y Movimientos 
650 |a Proceso de Producción 
650 |a Diagramas de Flujo 
650 |a Control de Procesos 
650 |a Ingeniería de Procesos 
650 |a Ingeniería Industrial 
910 |a Fondo General 
920 |a Electrónicos - Tesis del ITESO en Disco 
905 |a 202 
901 |a 0500110641  |b IT2  |c STS  |u 20250521 
902 |a https://opac.biblio.iteso.mx/vufind/Record/000173223